| 000 | 00538nam a22001817a 4500 | ||
|---|---|---|---|
| 005 | 20260204110023.0 | ||
| 008 | 260203b |||||||| |||| 00| 0 eng d | ||
| 020 | _a978-184590928-4 | ||
| 050 | _aLB 1033.5 .W 35 2014 | ||
| 100 | _aWALLACE, ISABELLA | ||
| 245 | _aTALK-LESS TEACHING: PRACTICE, PARTICIPATION AND PROGRESS | ||
| 260 |
_aCARMARTHEN, WALES, _bCROWN HOUSE PUBLISHING LTD, _c2014, |
||
| 300 | _ai, 184 P. ILL | ||
| 500 | _aINCUDES INDEX | ||
| 650 | _aCLASSROOM MANAGEMENT. | ||
| 700 | _aKIRKMAN LEAH | ||
| 942 |
_2lcc _cBK |
||
| 999 |
_c216520 _d216520 |
||